| 000 | 00562nam a22001937a 4500 | ||
|---|---|---|---|
| 005 | 20240814173955.0 | ||
| 008 | s1982 eng d | ||
| 041 | _aeng | ||
| 245 | 1 | 0 | _aKnesset rules of procedure |
| 260 | 3 |
_aGeneva : _bThe Association of Secretaries General of Parliaments, _c1982 |
|
| 300 |
_a39 p. ; _b 22 cm. |
||
| 650 | 0 | 4 | _aParliamentary practice -- Switzerland |
| 650 | 0 | 4 | _aRules of procedure |
| 850 | _aNALT | ||
| 942 | _cLB | ||
| 997 | _c000000000020641 | ||
| 998 |
_aSAIPHON DEENGAM _j25 _k นีลวัสน์ อินทรักษา |
||
| 999 |
_c20641 _d20641 |
||
| 090 | _aKD219.S9.4 I57K 1982 | ||